Teología de la mística / (Record no. 148223)

MARC details
000 -LEADER
campo de control de longitud fija 00683nam a2200217 4500
001 - NÚMERO DE CONTROL
campo de control 148223
003 - IDENTIFICADOR DE NÚMERO DE CONTROL
campo de control ES-MaACL
005 - FECHA Y HORA DE LA ÚLTIMA TRANSACCIÓN
campo de control 20250824230755.0
007 - CAMPO FIJO DE DESCRIPCIÓN FÍSICA--INFORMACIÓN GENERAL
campo de control de longitud fija t|
008 - DATOS DE LONGITUD FIJA--INFORMACIÓN GENERAL
campo de control de longitud fija 070214s1951 sp r ||||1| spa d
100 1# - ENTRADA PRINCIPAL--NOMBRE DE PERSONA
Nombre de persona Stolz, Anselm.
9 (RLIN) 108297
245 10 - MENCIÓN DEL TÍTULO
Título Teología de la mística /
Mención de responsabilidad, etc. Anselm Stolz ; [traducido por Luis Pelayo Arribas].
250 ## - MENCION DE EDICION
Mención de edición [1ª ed. española].
260 ## - PUBLICACIÓN, DISTRIBUCIÓN, ETC.
Lugar de publicación, distribución, etc. Madrid :
Nombre del editor, distribuidor, etc. Rialp,
Fecha de publicación, distribución, etc. 1951 (
Fabricante Altamira)
300 ## - DESCRIPCIÓN FÍSICA
Extensión 301 p. ;
Dimensiones 17 cm.
490 1# - MENCIÓN DE SERIE
Mención de serie Patmos, Libros de Espiritualidad ;
Designación de volumen o secuencia 12
700 1# - ENTRADA AGREGADA--NOMBRE PERSONAL
Nombre de persona Pelayo Arribas, Luis.
9 (RLIN) 90028
830 00 - PUNTO DE ACCESO ADICIONAL DE SERIE-TÍTULO UNIFORME
Título uniforme Patmos (Rialp)
Designación de volumen o secuencia 12
9 (RLIN) 181154
852 ## - LOCALIZACIÓN
Ubicación ES-MaACL
Número de control de estantería D-7387
Sublocalización o colección R.31525
Holdings
Estatus retirado Estado de pérdida Estado de daño No para préstamo Biblioteca de origen Biblioteca actual Ubicación en estantería Fecha de adquisición Fuente de adquisición Total de préstamos Signatura topográfica completa Código de barras Visto por última vez Precio de reemplazo Tipo de ítem Koha
        Biblioteca del Ateneo de Madrid Biblioteca del Ateneo de Madrid Sala Valle Inclán 17/01/2008     D-7387 901154685 23/02/2023 23/02/2023 Libro impreso